Respuestas a Colombia / (Registro nro. 7768)
[ vista simple ]
| 000 -LEADER | |
|---|---|
| fixed length control field | 01866nam a2200253Ia 4500 |
| 003 - CONTROL NUMBER IDENTIFIER | |
| control field | OSt |
| 005 - DATE AND TIME OF LATEST TRANSACTION | |
| control field | 20210503124338.0 |
| 008 - FIXED-LENGTH DATA ELEMENTS--GENERAL INFORMATION | |
| fixed length control field | 210310t1998 ck gr 000 0dspa d |
| 020 ## - INTERNATIONAL STANDARD BOOK NUMBER | |
| International Standard Book Number | 9589623018 |
| 040 ## - CATALOGING SOURCE | |
| Original cataloging agency | CO-JMCR |
| Transcribing agency | CO-JMCR |
| 041 0# - LANGUAGE CODE | |
| Language code of text/sound track or separate title | spa |
| 082 04 - DEWEY DECIMAL CLASSIFICATION NUMBER | |
| Classification number | 361.109861 / |
| Item number | R436r |
| Edition number | 23 |
| 100 1# - MAIN ENTRY--PERSONAL NAME | |
| Personal name | Restrepo Salazar, Juan Camilo, |
| 9 (RLIN) | 15400 |
| Relator term | autor |
| 245 10 - TITLE STATEMENT | |
| Title | Respuestas a Colombia / |
| Statement of responsibility, etc. | Juan Camilo Restrepo |
| 260 ## - PUBLICATION, DISTRIBUTION, ETC. | |
| Place of publication, distribution, etc. | Bogotá : |
| Name of publisher, distributor, etc. | Corporación Servir a Colombia, |
| Date of publication, distribution, etc. | ©1998 |
| 300 ## - PHYSICAL DESCRIPTION | |
| Extent | 174 páginas ; |
| Dimensions | 21 cm. |
| 500 ## - GENERAL NOTE | |
| General note | Incluye datos biográficos del autor. |
| 505 0# - FORMATTED CONTENTS NOTE | |
| Formatted contents note | La oportunidad histórica -- La renovación -- Paz política, económica y social -- Empleo: la otra cara de la paz -- Soluciones para el cambio -- Compromiso con el medio ambiente -- Educación para el empleo -- Salud y seguridad social al alcance de la gente -- Construir el futuro -- Una política internacional para Colombia |
| 520 3# - SUMMARY, ETC. | |
| Summary, etc. | Por su extraordinaria hoja de vida y porque es un hombre no contaminado, Juan Camilo Restrepo es el candidato que mejor garantiza a los colombianos un gobierno idóneo, serio, eficiente, responsable, emprendedor y sin cuestionamientos morales, a la altura de los difíciles retos de hoy.<br/>Colombia está saturada de estudios de sus múltiples problemas. Lo que necesita y exige son soluciones. Por esto este libro, que contiene la esencia de las propuestas de Juan Camilo Restrepo a los colombianos, no es un denso tratado académico, no otro de los extensos diagnósticos sobre la vida nacional que abundan en nuestro país. Es una relación de soluciones prácticas para materializar el gran anhelo de la paz en sus contenidos político, económico y social. |
| 651 #4 - SUBJECT ADDED ENTRY--GEOGRAPHIC NAME | |
| Geographic name | Colombia |
| General subdivision | Problemas sociales |
| 9 (RLIN) | 37369 |
| 651 #4 - SUBJECT ADDED ENTRY--GEOGRAPHIC NAME | |
| Geographic name | Colombia |
| General subdivision | Aspectos económicos |
| 9 (RLIN) | 37370 |
| 651 #4 - SUBJECT ADDED ENTRY--GEOGRAPHIC NAME | |
| Geographic name | Colombia |
| General subdivision | Política y gobierno |
| 9 (RLIN) | 8136 |
| 942 ## - ADDED ENTRY ELEMENTS (KOHA) | |
| Source of classification or shelving scheme | Dewey Decimal Classification |
| Koha item type | Books |
| Withdrawn status | Lost status | Source of classification or shelving scheme | Damaged status | Not for loan | Collection code | Home library | Current library | Date acquired | Source of acquisition | Full call number | Barcode | Date last seen | Copy number | Koha item type |
|---|---|---|---|---|---|---|---|---|---|---|---|---|---|---|
| Dewey Decimal Classification | Non-fiction | Biblioteca Pública José María del Castillo y Rada | Biblioteca Pública José María del Castillo y Rada | 04/15/2018 | Donación | 361.109861 / R436r | 430000579 | 05/16/2024 | Ej.1 | Books |